000 00366nam a22001577a 4500
003 OSt
005 20240322111501.0
008 170731b xxu||||| |||| 00| 0 eng d
020 _a9780471197454
040 _cSEROSOFT
100 _aBILLINGSLSEY
245 _aCONUEEGENCE OF PROBABILITY
260 _aDELHI
_bWILEY INDIA
_c2014
300 _a277
942 _2ddc
_c03
999 _c36023
_d36023